LEADER 00543nab a2200133 i 4500 001 000000325533 003 CaOOAMICUS 005 20180831173504.0 008 180831n it uu u0 0ita r 013 $a36583 040 $aSeMil$bita 245 10$aA una a una si svelano le stelle. Un diacono rilegge la propria ordinazione. - In [rubrica] :$bDiaconato. 773 0 $t[DICEMBRE 2002]. - 32 p.$gp.7$w()283217 996 $6245$aA una a una si svelano le stelle. Un diacono rilegge la propria ordinazione. - In [rubrica] :$bDiaconato.$9(OLS)http://semarc/title/398686 LEADER 00579nam a2200169 i 4500 001 000000220288 003 CaOOAMICUS 005 20130508000000.0 008 130508s1872 xx u000 u fre u 013 $a199185 040 $aSeMil$bita 245 10$aTome 2. 300 $aIII, 494 p. 773 0 $aDarwin, Charles <1809-1882>$tDescendance de l'homme et la sélection sexuelle.$dParis : C. Reinwald & Cie, 1872.$g2$w()28492 850 $aSeMil 852 $aSeMil$W1$xVenegono$y1$m2O V 56 FA$j170644$B170644$CSeMilBibl$Z2$F181232 $8I 996 $6245$aTome 2$9(OLS)http://semarc/title/1533